04863 2200241 4500001002100000005001500021035002000036007000300056008004100059020002200100245009800122250001000220260003800230300003200268650002300300650002200323700002000345082001700365084002100382111006500403520413100468990002204599INLIS00000000000567520260408112622 a0010-0226000003ta260408 0 ind  a978-979-582-402-21 aPendayagunaan Penyuluh Pertanian Mendukung Swasembada Pangan /cAndi Amran Sulaiman...[et.al] aEd. 1 aJakarta :bPertanian Press,c2025 aviii, 87 hal.; ilus ; 21 cm 4aPenyuluh Pertanian 4aSwasembada Pangan0 aSULAIMAN, Amran a63.04:338.43 a63.04:338.43 PEN0 aPendayagunaan Penyuluh Pertanian Mendukung Swasembada Pangan aPenyuluh pertanian memiliki peran strategis dalam mendukung keberhasilan pembangunan sektor pertanian. Selain berfungsi sebagai penyampai informasi, penyuluh dituntut mampu mendorong perubahan perilaku, memfasilitasi adopsi inovasi, serta memperkuat kapasitas petani dalam meningkatkan produktivitas dan daya saing usaha tani. Pemberdayaan penyuluh yang terarah dan sistematis menjadi faktor kunci dalam memastikan efektivitas program pembangunan pertanian, termasuk pencapaian swasembada pangan. Buku ini menyajikan pembahasan komprehensif mengenai penguatan peran dan kapasitas penyuluh pertanian, mencakup urgensi penataan sistem penyuluhan yang terintegrasi, standar kompetensi yang harus dimiliki, serta pemanfaatan teknologi digital dalam mendukung proses penyuluhan yang adaptif dan responsif. Selain itu, diuraikan pula berbagai tantangan implementasi di lapangan beserta alternatif solusi untuk meningkatkan kinerja penyuluhan secara berkelanjutan. Dilengkapi dengan praktik baik dan kisah sukses program penyuluhan, buku ini memberikan gambaran aplikatif mengenai strategi pemberdayaan penyuluh sebagai penggerak utama pembangunan pertanian. Kehadirannya diharapkan menjadi referensi bagi pemangku kebijakan, penyuluh, akademisi, dan masyarakat dalam memperkuat sistem penyuluhan yang profesional dan berdampak nyata terhadap kemajuan sektor pertanian nasional. Penyuluh pertanian memiliki peran strategis dalam mendukung keberhasilan pembangunan sektor pertanian. Selain berfungsi sebagai penyampai informasi, penyuluh dituntut mampu mendorong perubahan perilaku, memfasilitasi adopsi inovasi, serta memperkuat kapasitas petani dalam meningkatkan produktivitas dan daya saing usaha tani. Pemberdayaan penyuluh yang terarah dan sistematis menjadi faktor kunci dalam memastikan efektivitas program pembangunan pertanian, termasuk pencapaian swasembada pangan. Buku ini menyajikan pembahasan komprehensif mengenai penguatan peran dan kapasitas penyuluh pertanian, mencakup urgensi penataan sistem penyuluhan yang terintegrasi, standar kompetensi yang harus dimiliki, serta pemanfaatan teknologi digital dalam mendukung proses penyuluhan yang adaptif dan responsif. Selain itu, diuraikan pula berbagai tantangan implementasi di lapangan beserta alternatif solusi untuk meningkatkan kinerja penyuluhan secara berkelanjutan. Dilengkapi dengan praktik baik dan kisah sukses program penyuluhan, buku ini memberikan gambaran aplikatif mengenai strategi pemberdayaan penyuluh sebagai penggerak utama pembangunan pertanian. Kehadirannya diharapkan menjadi referensi bagi pemangku kebijakan, penyuluh, akademisi, dan masyarakat dalam memperkuat sistem penyuluhan yang profesional dan berdampak nyata terhadap kemajuan sektor pertanian nasional. Penyuluh pertanian memiliki peran strategis dalam mendukung keberhasilan pembangunan sektor pertanian. Selain berfungsi sebagai penyampai informasi, penyuluh dituntut mampu mendorong perubahan perilaku, memfasilitasi adopsi inovasi, serta memperkuat kapasitas petani dalam meningkatkan produktivitas dan daya saing usaha tani. Pemberdayaan penyuluh yang terarah dan sistematis menjadi faktor kunci dalam memastikan efektivitas program pembangunan pertanian, termasuk pencapaian swasembada pangan. Buku ini menyajikan pembahasan komprehensif mengenai penguatan peran dan kapasitas penyuluh pertanian, mencakup urgensi penataan sistem penyuluhan yang terintegrasi, standar kompetensi yang harus dimiliki, serta pemanfaatan teknologi digital dalam mendukung proses penyuluhan yang adaptif dan responsif. Selain itu, diuraikan pula berbagai tantangan implementasi di lapangan beserta alternatif solusi untuk meningkatkan kinerja penyuluhan secara berkelanjutan. Dilengkapi dengan praktik baik dan kisah sukses program penyuluhan, buku ini memberikan gambaran aplikatif mengenai strategi pemberdayaan penyuluh sebagai penggerak utama pembangunan pertanian. Kehadirannya diharapkan menjadi referensi bagi pemangku kebijakan, penyuluh, akademisi, dan masyarakat dalam memperkuat sistem penyuluhan yang profesional dan berdampak nyata terhadap kemajuan sektor pertanian nasional a5107/BPPSDMP/2026